| 000 | 00915nam a2200241 a 4500 | ||
|---|---|---|---|
| 001 | 37925 | ||
| 003 | BD-RjUL | ||
| 005 | 20211209052705.0 | ||
| 008 | 150812s1981 bg ||||| |||| 00| 0 ben d | ||
| 035 | _a(BD-RjUL)38030 | ||
| 040 |
_aBD-RjUL _bben _cBD-RjUL |
||
| 041 | _aben | ||
| 082 |
_a330.95492 _bRAB 1981 |
||
| 100 |
_aরহমান,আনিসুর _9117490 |
||
| 245 | 1 | 0 |
_aবাংলাদেশের অর্থনীতি / _cআনিসুর রহমান |
| 250 | _a৭ম সং. | ||
| 260 |
_aঢাকা : _bপুথিঘর, _c১৯৮১ |
||
| 300 |
_a৬২৮ পৃ. : _bচিত্র ; _c২০ সেমি. |
||
| 500 | _aদ্বিতীয় পঞ্চবার্ষিকী পরিকল্পনা সম্বলীত | ||
| 650 |
_aঅথনীতি _zবাংলাদেশ _9117491 |
||
| 650 |
_aEconomics _zBangladesh _9117492 |
||
| 942 |
_2ddc _cBK _02 |
||
| 999 |
_c37925 _d37925 |
||